000 00453nam a2200169 4500
005 20250915123225.0
008 250915b |||||||| |||| 00| 0 eng d
040 _aMAIN
082 _a510
_bK836S
100 _aKomal
245 _aStudy of elastic waves in poroelastic media
260 _bDepartment of Mathematics, M D University, Rohtak
_c2024
300 _axxvii, 277
650 _aMathematics
700 _aSikka, Jitander Singh
942 _cTH
999 _c393514
_d393514